Defining civil and political rights: the jurisprudence of the United Nations Human Rights Committee (Record no. 4403)

MARC details
000 -LEADER
fixed length control field 00607nam a2200169Ia 4500
020 ## - INTERNATIONAL STANDARD BOOK NUMBER
ISBN 0-7546-2279-7
082 ## - DEWEY DECIMAL CLASSIFICATION NUMBER
Classification number 341.4802 CON-D
100 ## - MAIN ENTRY--AUTHOR NAME
Personal name Conte, Alex
245 #0 - TITLE STATEMENT
Title Defining civil and political rights: the jurisprudence of the United Nations Human Rights Committee
260 ## - PUBLICATION, DISTRIBUTION, ETC. (IMPRINT)
Place of publication Aldershot
Name of publisher Ashgate Publishing
Year of publication 2004
300 ## - PHYSICAL DESCRIPTION
Number of Pages xxi, 257
504 ## - BIBLIOGRAPHY, ETC. NOTE
Bibliography, etc includes index
650 ## - SUBJECT ADDED ENTRY--TOPICAL TERM
Topical Term United Nations Human Rights Committee (HRC); International Convent on Civil and Political Rights (ICCPR); Human rights; Political rights
700 ## - ADDED ENTRY--PERSONAL NAME
Personal name Davidson, Scott
700 ## - ADDED ENTRY--PERSONAL NAME
Personal name Burchill, Richard
942 ## - ADDED ENTRY ELEMENTS (KOHA)
Koha item type Books
Holdings
Withdrawn status Lost status Damaged status Not for loan Home library Current library Date acquired Source of acquisition Bill Date Full call number Accession Number Price effective from Koha item type
        NASSDOC Library NASSDOC Library 17/11/2005 BBS 2005-09-27 341.4802 CON-D 41085 18/04/2019 Books